Formel 1 Fahrer 2020 - Statistiken

Allgemein
  • Dieses Quiz wurde 143 mal gespielt
  • Das Durchschnittsergebnis liegt bei 18 aus 20
Antwortstatistiken
Team Fahrer % Korrekt
🇬🇧 Mercedes Lewis Hamilton
99%
🇫🇮 Mercedes Valtteri Bottas
99%
🇳🇱 Red Bull Max Verstappen
96%
🇩🇪 Ferrari Sebastian Vettel
96%
🇲🇨 Ferrari Charles Leclerc
94%
🇫🇷 AlphaTauri Pierre Gasly
93%
🇹🇭 Red Bull Alexander Albon
92%
🇬🇧 McLaren Lando Norris
92%
🇲🇽 Racing Point Sergio Perez
92%
🇩🇰 Haas Kevin Magnussen
91%
🇦🇺 Renault Daniel Ricciardo
89%
🇪🇸 McLaren Carlos Sainz
88%
🇫🇮 Alfa Romeo Kimi Räikkönen
88%
🇫🇷 Renault Esteban Ocon
87%
🇨🇦 Racing Point Lance Stroll
86%
🇬🇧 Williams George Russell
84%
🇨🇦 Williams Nicholas Latifi
83%
🇫🇷 Haas Romain Grosjean
82%
🇮🇹 Alfa Romeo Antonio Giovinazzi
76%
🇷🇺 AlphaTauri Daniil Kvyat
67%
Keine übereinstimmenden Quizze gefunden
Verteilung der Resultate
Anzahl Personen mit jedem Resultat
Perzentil nach korrekt beantworteten Fragen
Ihre Resultats-Entwicklung
Sie haben dieses Quiz noch nicht gespielt